Codes postaux par centaines : villes de la région Aquitaine - Statistiques

Statistiques générales
  • Ce quiz a été pris 87 fois
  • Le résultat moyen est 20 sur 40
Statistiques - réponses
Département Code postal Ville % Correct
Gironde 33000 Bordeaux
97%
Pyrénées-Atlantiques 64000 Pau
94%
Landes 40100 Dax
92%
Pyrénées-Atlantiques 64100 Bayonne
91%
Pyrénées-Atlantiques 64200 Biarritz
91%
Landes 40000 Mont-de-Marsan
91%
Dordogne 24000 Périgueux
91%
Lot-et-Garonne 47000 Agen
88%
Dordogne 24100 Bergerac
82%
Gironde 33700 Mérignac
79%
Dordogne 24200 Sarlat-la-Canéda
73%
Gironde 33600 Pessac
71%
Gironde 33500 Libourne
70%
Pyrénées-Atlantiques 64500 Saint-Jean-de-Luz
68%
Pyrénées-Atlantiques 64700 Hendaye
67%
Lot-et-Garonne 47200 Marmande
61%
Pyrénées-Atlantiques 64600 Anglet
59%
Pyrénées-Atlantiques 64400 Oloron-Sainte-Marie
59%
Lot-et-Garonne 47300 Villeneuve-sur-Lot
59%
Gironde 33400 Talence
56%
Landes 40600 Biscarrosse
53%
Pyrénées-Atlantiques 64300 Orthez
45%
Landes 40200 Mimizan
42%
Lot-et-Garonne 47600 Nérac
41%
Dordogne 24300 Nontron
39%
Landes 40800 Aire-sur-l'Adour
29%
Lot-et-Garonne 47400 Tonneins
24%
Lot-et-Garonne 47500 Fumel
23%
Dordogne 24600 Ribérac
23%
Dordogne 24400 Mussidan
21%
Landes 40500 Saint-Sever
20%
Landes 40700 Hagetmau
18%
Dordogne 24700 Montpon-Ménestérol
18%
Dordogne 24800 Thiviers
18%
Lot-et-Garonne 47700 Casteljaloux
17%
Landes 40400 Tartas
15%
Pyrénées-Atlantiques 64800 Nay
12%
Landes 40300 Peyrehorade
12%
Dordogne 24500 Eymet
9%
Lot-et-Garonne 47800 Miramont-de-Guyenne
8%
Aucun quiz correspondant
Distribution des résultats
% des personnes avec chaque résultat
Percentile par nombre de réponses
Votre historique - résultats
Vous n’avez pas pris ce quiz